000 00314nam a22000977a 4500
008 201102b ||||| |||| 00| 0 eng d
100 _aAmerican Philatelic Society
245 _aManual of philatelic judging (4th ed.1999)
260 _bAmerican Philatelic Society
_c1999
650 _aExhibitions | Judging | Bibliographies
999 _c3150
_d3150